Austrálsky Slovák nezávislý mesačník pre novoprišlých Slovákov v Austrálii

Podrobná bibliografia
Médium: Seriál
Jazyk:slovenčina
Fyzický popis:2 zv. 33 x 22 cm
Vydavateľské údaje: Kingswood Pavol Gerdelán 1968-1969
Predmet:

MARC

LEADER 00000cas a2200000 a 4500
001 vtls001223033
003 SK-MaSNL
005 20260228162027.0
008 960412d19681969at mr| 0 0 0slo
035 |a SNK000168884 
040 |a SNK  |b slo  |c SNK  |e AACR2 
041 0 |a slo 
044 |a at  |c AU 
072 7 |a 323  |x Vnútropolitický vývoj, politický život  |2 konspekt 
080 |a 323.15  |2 2011 
080 |a (=162.4)  |2 2011 
080 |a 314.15-026.49(051)+(054)  |2 2011 
080 |a 050  |2 2011 
245 0 0 |a Austrálsky Slovák  |b nezávislý mesačník pre novoprišlých Slovákov v Austrálii 
260 |a Kingswood  |b Pavol Gerdelán  |c 1968-1969 
300 |a 2 zv.  |c 33 x 22 cm 
310 |a 1x mesačne 
362 0 |a Č. 1 (december 1968)-č. 6-7 (1969) 
500 |a Zmena podnázvu: nezávislý časopis pre Slovákov v Austrálii 
650 0 7 |a Slováci v zahraničí  |2 SNKPH  |9 14695 
655 7 |a krajanské periodiká  |2 SNKPH  |9 110004 
910 |a snk 
999 |c 6541  |d 8471 
952 |0 0  |1 0  |4 0  |7 0  |8 2  |a SNK  |b SNK  |d 1997-04-23  |i snkV 1878/97  |l 0  |o snkČSB 4560/1968  |p 17A0350806  |r 2005-01-02 00:00:00  |w 2026-02-21  |y PREZ 
952 |0 0  |1 0  |4 0  |7 0  |8 2  |a SNK  |b SNK  |d 1996-11-18  |i snkV 2033/96  |l 0  |o snkČSB 4560/1969  |p 17A0008585  |r 2005-01-01 00:00:00  |w 2026-02-21  |y PREZ